Accounting, statistics and business office procedures for hospitals, (Record no. 90750)

MARC details
000 -LEADER
fixed length control field 00869cam a22002531 4500
001 - CONTROL NUMBER
control field sg 46000131
003 - CONTROL NUMBER IDENTIFIER
control field DLC
005 - DATE AND TIME OF LATEST TRANSACTION
control field 20260227112748.0
008 - FIXED-LENGTH DATA ELEMENTS--GENERAL INFORMATION
fixed length control field 750710s1946 nyuaek bs 000 0 eng c
010 ## - LIBRARY OF CONGRESS CONTROL NUMBER
LC control number sg 46000131
035 ## - SYSTEM CONTROL NUMBER
System control number (OCoLC)1440056
040 ## - CATALOGING SOURCE
Original cataloging agency U.S. Surg.-Gen. Off. Libr.
Transcribing agency NmU
Modifying agency OCoLC
-- DLC
042 ## - AUTHENTICATION CODE
Authentication code premarc
050 00 - LIBRARY OF CONGRESS CALL NUMBER
Classification number RA971
Item number .R65
082 ## - DEWEY DECIMAL CLASSIFICATION NUMBER
Classification number 362.11
100 1# - MAIN ENTRY--PERSONAL NAME
Personal name Roswell, Charles G.
245 10 - TITLE STATEMENT
Title Accounting, statistics and business office procedures for hospitals,
Statement of responsibility, etc. by Charles G. Roswell ...
260 ## - PUBLICATION, DISTRIBUTION, ETC.
Place of publication, distribution, etc. New York, N.Y.,
Name of publisher, distributor, etc. United Hospital Fund of New York,
Date of publication, distribution, etc. 1946.
300 ## - PHYSICAL DESCRIPTION
Extent 1 p. l., v-ix, 287 p.
Other physical details illus. (plan) forms (part fold., part in pocket) diagrs.
Dimensions 25 cm.
504 ## - BIBLIOGRAPHY, ETC. NOTE
Bibliography, etc. note Bibliography: p. 275-276.
650 #0 - SUBJECT ADDED ENTRY--TOPICAL TERM
Topical term or geographic name entry element Hospitals
General subdivision Accounting.
650 #0 - SUBJECT ADDED ENTRY--TOPICAL TERM
Topical term or geographic name entry element Hospitals
Form subdivision Statistics.
710 2# - ADDED ENTRY--CORPORATE NAME
Corporate name or jurisdiction name as entry element United Hospital Fund of New York.

No items available.

Powered by Koha